000 00483nam a22001937a 4500
003 MPLRDC
005 20220104144116.0
008 210129b ||||| |||| 00| 0 eng d
020 _a957-529-666-4
082 _a414.57 HQ
100 _a杭群、刘敬阁著
245 _a西洋参的神效
_c
250 _a初版五刷
260 _a
_b世茂出版社
_c2001
300 _b
490 _a生活健康丛书. B118
650 _a补药--西洋参
942 _cBK
_o414.57 HQ
999 _c46447
_d46437